8 mots dans mots : Pli (mort subite) - Statistiques

Statistiques générales
  • Ce quiz a été pris 58 fois
  • Le résultat moyen est 7 sur 8
Answers on the Grid
Answers color-coded by a green-red scale on the quiz's grid according to % correct below.
Inap---cabilité
Contem---tivement
Asou---ssement
Trans---ntation
Inaccom---ssement
Psycho---sticité
Déch---eteuse
Surmulti---cation
Inter---nétaire
Inex---cablement
Pl---euse-repiqueuse
Sim---fication
C---omancienne
Am---ficateur
Plan---r - terrasse
Pluridisci---narité
 
Statistiques - réponses
Réponse % Correct
Inaccom---ssement
89%
Am---ficateur
85%
Asou---ssement
85%
Sim---fication
83%
Pluridisci---narité
80%
Surmulti---cation
80%
Inex---cablement
76%
Inap---cabilité
72%
Aucun quiz correspondant
Distribution des résultats
% des personnes avec chaque résultat
Percentile par nombre de réponses
Votre historique - résultats
Vous n’avez pas pris ce quiz